| 000 | 00791nam a22002177a 4500 | ||
|---|---|---|---|
| 999 |
_c12477 _d12477 |
||
| 003 | AR-CdUCM | ||
| 008 | 190409b ||||| |||| 00| 0 spa d | ||
| 040 |
_aMUNICIPALIDAD PROVINCIAL DEL CUSCO _cBIBLIOTECA MUNICIPAL DEL CUSCO |
||
| 082 |
_a372.41 / _bR62 |
||
| 100 |
_aRivera Cáceres, Nicanor _917847 |
||
| 245 |
_aMétodo global o ideo-visual de lectura : _bInstrucciones didácticas para la aplicación de "nuestro libro" de transición / |
||
| 260 |
_aLima : _bMinisterio de Educación Pública, |
||
| 300 |
_a48 paginas ; _c20 cm. |
||
| 505 | _aContenido :Metodología / | ||
| 650 |
_aLectura _92069 |
||
| 650 |
_aEstudio y enseñanza _92610 |
||
| 650 |
_aLibros de lectura _93644 |
||
| 710 |
_aMinisterio de Educación _97325 |
||
| 942 |
_2ddc _cLIBROS |
||
| 945 |
_arjall _d2019-04-08 |
||